Piłkarze Eintracht'u Frankfurt - Statystyki

Ogólne statystyki
  • Ten quiz został rozwiązany 6 razy
    2 od ostatniego zresetowania
  • Średni wynik to 6 z 30
Statystyki odpowiedzi
Piłkarz Narodowość Pozycja % Poprawnych
Can Uzun Turcja Pomocnik
100%
Arnaud Kalimuendo Francja Napastnik
50%
Ellyes Skhiri Tunezja Pomocnik
50%
Jonathan Burkardt Niemcy Napastnik
50%
Kauã Santos Brazylia Bramkarz
50%
Mahmoud Dahoud Syria Pomocnik
50%
Mario Götze Niemcy Pomocnik
50%
Michy Batshuayi Belgia Napastnik
50%
Nnamdi Collins Niemcy Obrońca
50%
Thimothy Chandler USA Obrońca
50%
Amil Siljevic Bośnia i Hercegowina Bramkarz
0%
Ansgar Knauff Niemcy Napastnik
0%
Arthur Theate Belgia Obrońca
0%
Aurèle Amenda Szwajcaria Obrońca
0%
Ayoube Amaimouni-Echghouyab Maroko Napastnik
0%
Elias Baum Niemcy Obrońca
0%
Farès Chaïbi Algeria Pomocnik
0%
Hugo Larsson Szwecja Pomocnik
0%
Jean-Mattéo Bahoya Francja Napastnik
0%
Jens Grahl Niemcy Bramkarz
0%
Jessic Ngankam Niemcy Napastnik
0%
Keita Kosugi Japonia Obrońca
0%
Love Arrhov Szwecja Pomocnik
0%
Michael Zetterer Niemcy Bramkarz
0%
Nathaniel Brown Niemcy Obrońca
0%
Oscar Højlund Dania Pomocnik
0%
Rasmus Kristensen Dania Obrońca
0%
Ritsu Doan Japonia Napastnik
0%
Robin Koch Niemcy Obrońca
0%
Younes Ebnoutalib Niemcy Napastnik
0%
Nie znaleziono quizów pasujących do podanych kryteriów
Rozkład punktacji
Procent ludzi z każdym wynikiem
Percentyl według liczby udzielonych odpowiedzi
Twoja historia wyników
Nie rozwiązałeś tego quizu od ostatniego zresetowania